| 000 | 00879cam a22002897a 4500 | ||
|---|---|---|---|
| 003 | CHAP | ||
| 005 | 20220329141710.0 | ||
| 008 | 971013s1981 r 00010 d | ||
| 010 | _a72409 | ||
| 011 | _a73381 | ||
| 035 | _a82938 | ||
| 040 | _cCHAP | ||
| 082 |
_a632.95 _bB38 |
||
| 100 | 0 | 0 |
_aBandal, S. Kris _eed. _99936 |
| 245 | 1 | 4 | _aThe pesticides chemist and modern toxicology |
| 260 |
_aWashington : _bAmerican Chemical Society, _c1981 |
||
| 300 |
_a582 p. _b: ilus. |
||
| 490 | 0 |
_aACS symposium series _v; 160 |
|
| 590 |
_aBATCH-UPD _b10 _c20130110 _lUCH01 _h0834 |
||
| 590 |
_aCONVERSION _b10 _c20130109 _lUCH01 _h1340 |
||
| 650 | 1 | 4 |
_aPesticidas _xCongresos. _987542 |
| 650 | 1 | 4 |
_aPesticidas _xToxicidad. _987571 |
| 830 | 0 |
_aACS symposium series _v; 160 _9736 |
|
| 901 | _aBK | ||
| 942 | _cLIBRO | ||
| 949 |
_a632.95 B38 _bBC _cLIBRO _d33724000185161 _eLIBRO _h59825 _i82938 _si |
||
| 999 |
_c72409 _d72409 |
||